000
00306nam a2200133Ia 4500
100
_a
Grant E.L.
942
_c
BK
654
_a
management
245
_a
Hd.bk . Of Industrial Engg. & Management
260
_b
Prentice Hall of India
_a
NewDelhi
_c
1974
082
_a
658
300
_a
907
546
_a
ENGLISH
999
_c
27924
_d
27924